The first 90 days (Edisi Bahasa Melayu)

Bibliographic Details
Main Author: Watkins, Micheal D. (Author)
Format: Book
Published: Batu Caves, Selangor : PTS Publishing House 2025
Subjects:

MARC

LEADER 00000cam a2200000 7i4500
001 0000094872
005 20250312081455.0
008
020 |a 9786294930117 (  |q (paperback)) 
040 |e rda 
041 |a Malay 
090 0 0 |a 658.4   |b WAT 
100 1 |a Watkins, Micheal D. ,   |e (author) 
245 1 4 |a The first 90 days (Edisi Bahasa Melayu)   |c MichealD. Watkins 
264 1 |a Batu Caves, Selangor :   |b PTS Publishing House   |c 2025 
300 |a 336 pages :   |b color illustrations ;   |c 23 cm. 
336 |a text  |2 rdacontent 
337 |a unmediated  |2 rdamedia 
338 |a volume  |2 rdacarrier 
541 |c Purchased on 2024   |f 00419 IZZ   |h RM35.00 
650 0 |a Executive ability 
650 0 |a Leardership 
650 0 |a Management 
650 0 |a Strategic planning 
999 |a 0001797339   |b Book   |c Adult Collection   |e Perbadanan Perpustakaan Awam Johor 
999 |a 0001797340   |b Book   |c Adult Collection   |e Perbadanan Perpustakaan Awam Johor 
999 |a 0001797341   |b Book   |c Adult Collection   |e Perbadanan Perpustakaan Awam Johor 
999 |a 0001797342   |b Book   |c Adult Collection   |e Cawangan AEON Kulaijaya 
999 |a 0001797343   |b Book   |c Adult Collection   |e Cawangan Urban Transformation Centre 
999 |a 0001797344   |b Book   |c Adult Collection   |e Perbadanan Perpustakaan Awam Johor 
999 |a 0001797345   |b Book   |c Adult Collection   |e Perbadanan Perpustakaan Awam Johor 
999 |a 0001797346   |b Book   |c Adult Collection   |e Perbadanan Perpustakaan Awam Johor 
999 |a 0001797347   |b Book   |c Adult Collection   |e Perbadanan Perpustakaan Awam Johor 
999 |a 0001797348   |b Book   |c Adult Collection   |e Perbadanan Perpustakaan Awam Johor 
999 |a 0001797349   |b Book   |c Adult Collection   |e Perbadanan Perpustakaan Awam Johor 
999 |a 0001797350   |b Book   |c Adult Collection   |e Perbadanan Perpustakaan Awam Johor 
999 |a 0001797351   |b Book   |c Adult Collection   |e Perbadanan Perpustakaan Awam Johor 
999 |a 0001797352   |b Book   |c Adult Collection   |e Perbadanan Perpustakaan Awam Johor 
999 |a 0001797353   |b Book   |c Adult Collection   |e Perbadanan Perpustakaan Awam Johor 
999 |a 0001797354   |b Book   |c Adult Collection   |e Perbadanan Perpustakaan Awam Johor 
999 |a 0001797355   |b Book   |c Adult Collection   |e Perbadanan Perpustakaan Awam Johor 
999 |a 0001798384   |b Book   |c Adult Collection   |e Desa - PPAJ 
999 |a 0001798385   |b Book   |c Adult Collection   |e Desa - PPAJ 
999 |a 0001798386   |b Book   |c Adult Collection   |e Desa - PPAJ 
999 |a 0001798387   |b Book   |c Adult Collection   |e Desa - PPAJ 
999 |a 0001798388   |b Book   |c Adult Collection   |e Desa - PPAJ 
999 |a 0001798389   |b Book   |c Adult Collection   |e Desa - PPAJ 
999 |a 0001798390   |b Book   |c Adult Collection   |e Desa - PPAJ 
999 |a 0001798391   |b Book   |c Adult Collection   |e Desa - PPAJ 
999 |a 0001798392   |b Book   |c Adult Collection   |e Desa - PPAJ 
999 |a 0001798393   |b Book   |c Adult Collection   |e Desa - PPAJ 
999 |a 0001798394   |b Book   |c Adult Collection   |e Desa - PPAJ 
999 |a 0001798395   |b Book   |c Adult Collection   |e Desa - PPAJ 
999 |a 0001798396   |b Book   |c Adult Collection   |e Desa - PPAJ 
999 |a 0001798397   |b Book   |c Adult Collection   |e Desa - PPAJ 
999 |a 0001798398   |b Book   |c Adult Collection   |e Desa - PPAJ 
999 |a 0001798399   |b Book   |c Adult Collection   |e Desa - PPAJ 
999 |a 0001798400   |b Book   |c Adult Collection   |e Desa - PPAJ 
999 |a 0001798401   |b Book   |c Adult Collection   |e Desa - PPAJ 
999 |a 0001798402   |b Book   |c Adult Collection   |e Desa - PPAJ 
999 |a 0001798403   |b Book   |c Adult Collection   |e Desa - PPAJ 
999 |a 0001798404   |b Book   |c Adult Collection   |e Desa - PPAJ 
999 |a 0001798405   |b Book   |c Adult Collection   |e Desa - PPAJ 
999 |a 0001798406   |b Book   |c Adult Collection   |e Desa - PPAJ 
999 |a 0001798407   |b Book   |c Adult Collection   |e Desa - PPAJ 
999 |a 0001798408   |b Book   |c Adult Collection   |e Desa - PPAJ 
999 |a 0001798409   |b Book   |c Adult Collection   |e Desa - PPAJ 
999 |a 0001798410   |b Book   |c Adult Collection   |e Desa - PPAJ 
999 |a 0001798411   |b Book   |c Adult Collection   |e Desa - PPAJ 
999 |a 0001798412   |b Book   |c Adult Collection   |e Desa - PPAJ 
999 |a 0001798413   |b Book   |c Adult Collection   |e Desa - PPAJ 
999 |a 0001798414   |b Book   |c Adult Collection   |e Desa - PPAJ 
999 |a 0001798415   |b Book   |c Adult Collection   |e Desa - PPAJ 
999 |a 0001798416   |b Book   |c Adult Collection   |e Desa - PPAJ 
999 |a 0001798417   |b Book   |c Adult Collection   |e Desa - PPAJ 
999 |a 0001798418   |b Book   |c Adult Collection   |e Desa - PPAJ 
999 |a 0001798419   |b Book   |c Adult Collection   |e Desa - PPAJ 
999 |a 0001798420   |b Book   |c Adult Collection   |e Desa - PPAJ 
999 |a 0001798421   |b Book   |c Adult Collection   |e Desa - PPAJ 
999 |a 0001798422   |b Book   |c Adult Collection   |e Desa - PPAJ 
999 |a 0001798423   |b Book   |c Adult Collection   |e Desa - PPAJ 
999 |a 0001798424   |b Book   |c Adult Collection   |e Desa - PPAJ